Normal view
MARC view
- اللجنة الوطنية العليا لإعلان عمان عاصمة للثقافة العربية
Entry Personal Name
001 - CONTROL NUMBER
- control field: 45425
003 - CONTROL NUMBER IDENTIFIER
- control field: JO-AjAnu
005 - DATE AND TIME OF LATEST TRANSACTION
- control field: 20230606081520.0
008 - FIXED-LENGTH DATA ELEMENTS
- fixed length control field: 230606|| aca||aabn | a|a d
040 ## - CATALOGING SOURCE
- Original cataloging agency: JO-AjAnu
- Transcribing agency: JO-AjAnu
100 ## - HEADING--PERSONAL NAME
- Personal name: اللجنة الوطنية العليا لإعلان عمان عاصمة للثقافة العربية
670 ## - SOURCE DATA FOUND
- Source citation: Work cat.: (JO-AjAnu)23257: اللجنة الوطنية العليا لإعلان عمان عاصمة للثقافة العربية, author, الشعر في الأردن: أوراق ملتقيات عمان الإبداعية، ملتقى الشعر في الأردن